00832cam a22002531 4500001001300000003000400013005001700017008004100034010001700075035001900092040002600111042001200137050002200149130002600171245002500197260005300222300002900275500013900304500002000443500004500463504003000508700002300538999001700561he 65001576 DLC20260227111434.0830119s1965 is b 001 0 hebr  ahe 65001576  a(OCoLC)9143081 aDLCcODaUdOCoLCdDLC apremarc00aBM488.M3bA2 19650 aManual of discipline.10aMegilat ha-serakhim. aYerushalaym :bMussaad Bialik,c5725 [i.e. 1965] a12, 316, xi p. ;c25 cm. aAdded t.p.: The Rule scroll; a scroll from the wilderness of Judaea 1QS, 1QSa, 1QSb. Text, introduction and commentary by Jacob Licht. aIncludes index. aTable of contents in Hebrew and English. aBibliography: p. 307-311.1 aLicht, Jacob,eed. c31424d31424